Movies from the cast - Statistics

General Stats
  • This quiz has been taken 16 times
  • The average score is 5 of 13
Answer Stats
Cast Movie % Correct
Kate Winslet Sigourney Weaver Zoe Saldaña Avatar
77%
Natalie Portman Val Kilmer Al Pacino Heat
46%
Irfan Khan Vincent D'Onofrio Omar Sy Jurassic World
46%
Josh Brolin Woody Harrelson Tommy Lee Jones No Country for Old Men
46%
Mark Ruffalo Elijah Wood Kirsten Dunst Eternal Sunshine of the Spotless Mind
38%
Margot Robbie Tilda Swinton Willem Dafoe Asteroid City
31%
Rebecca Hall Ben Kingsley Guy Pearce Iron Man 3
31%
Robert De Niro Chris Tucker Jennifer Lawrence Silver Linings Playbook
31%
Bruce Willis Benicio Del Toro Jessica Alba Sin City
31%
Robin Williams Cuba Gooding Jr. Terrence Howard The Butler
31%
Cameron Diaz John C. Reilly Brendan Gleeson Gangs of New York
23%
Laurence Fishburne Common Ian McShane John Wick 2
23%
Brad Pitt Kerry Washington Vince Vaughn Mr. & Mrs. Smith
15%
No matching quizzes found
Score Distribution
Percent of People with Each Score
Percentile by Number Answered
Your Score History
You have not taken this quiz